Risky business (Record no. 69367)
[ view plain ]
| 000 -LEADER | |
|---|---|
| fixed length control field | 00948cam a2200217 4500 |
| 001 - CONTROL NUMBER | |
| control field | ABS65044 |
| 008 - FIXED-LENGTH DATA ELEMENTS--GENERAL INFORMATION | |
| fixed length control field | 020128n2001 000 0 eng u |
| 035 ## - SYSTEM CONTROL NUMBER | |
| System control number | (Sirsi) u116490 |
| 245 ## - TITLE STATEMENT | |
| Title | Risky business |
| 260 ## - PUBLICATION, DISTRIBUTION, ETC. | |
| Date of publication, distribution, etc. | 2001 |
| 490 ## - SERIES STATEMENT | |
| Series statement | Architects' Journal |
| Volume/sequential designation | 214(22) 20/27 December 2001, 42(1) |
| 520 ## - SUMMARY, ETC. | |
| Summary, etc. | Discusses the threat to UK companies posed by hackers and poor computer security and the steps firms can take to protect themselves. Many small and medium firms do not have a co-ordinated policy on digital security nor take out suitable insurance in this area. Architecture is used as an example of a profession that holds much of its important data on computer. |
| 590 ## - LOCAL NOTE (RLIN) | |
| Local note | ABS |
| 650 ## - SUBJECT ADDED ENTRY--TOPICAL TERM | |
| Topical term or geographic name entry element | INFORMATION TECHNOLOGY STRATEGY |
| 650 ## - SUBJECT ADDED ENTRY--TOPICAL TERM | |
| Topical term or geographic name entry element | SECURITY |
| 650 ## - SUBJECT ADDED ENTRY--TOPICAL TERM | |
| Topical term or geographic name entry element | Insurance |
| 9 (RLIN) | 6249 |
| 650 ## - SUBJECT ADDED ENTRY--TOPICAL TERM | |
| Topical term or geographic name entry element | HACKING |
| 650 ## - SUBJECT ADDED ENTRY--TOPICAL TERM | |
| Topical term or geographic name entry element | MANAGEMENT-BUSINESS MANAGEMENT |
| 690 ## - LOCAL SUBJECT ADDED ENTRY--TOPICAL TERM (OCLC, RLIN) | |
| Topical term or geographic name as entry element | MANAGEMENT-BUSINESS MANAGEMENT-INFORMATION MANAGEMENT |
| 942 ## - ADDED ENTRY ELEMENTS (KOHA) | |
| Suppress in OPAC | 0 |
| Withdrawn status | Lost status | Source of classification or shelving scheme | Damaged status | Not for loan | Home library | Current library | Shelving location | Date acquired | Total Checkouts | Full call number | Barcode | Date last seen | Copy number | Price effective from | Koha item type |
|---|---|---|---|---|---|---|---|---|---|---|---|---|---|---|---|
| Dewey Decimal Classification | London | London | Journal article | 28/01/2002 | ABS65044 | 116490-1001 | 06/08/2019 | 1 | 06/08/2019 | Journal article |